000 00521nam a2200181 i 4500
001 39235
003 ES-MaACL
005 20230906155922.0
007 t|
008 030227s1969 sp ||||1| spa d
100 1 _aCalvo-Sotelo, Joaquín,
_d1905-1993
_933913
245 1 3 _aEl inocente y Una noche de lluvia /
_cJoaquín Calvo Sotelo.
260 _aMadrid :
_bAguilar,
_c1969.
300 _a282 p. ;
_c21 cm.
740 4 _aUna noche de lluvia.
852 _aES-MaACL
_jC-36090
_bR.69006
999 _c39235
_d39235